000 00317nam a2200109 a 4500
005 20140408090030.0
008 021128s19uu xx 00 eng d
050 _aPHS '00
_bY3 #47
100 _aYee, Kathrine Ann
245 _aThe effects of television on the study habits of high school student of SIS.
942 _cPASS
999 _c96415
_d96415